000 00448nam a2200169Ia 4500
008 240729s9999 xx 000 0 und d
022 _a0975-3125
245 0 _aSaudi Journal of Anaesthesia
260 _aIndia
260 _bWolters Kluwer Medknow Publications
650 _a Anesthesiology
650 _a Surgery
650 _aMedicine
856 _uhttps://doaj.org/toc/4f4c4f4688c44c4b83a0bdfafc1d1548
942 _2ddc
942 _cDOAJEJ
999 _c71724
_d71724
945 _a1
_bMadushi Gamage
_c1
_dMadushi Gamage